Fostering academic excellence /

Bibliographic Details
Main Author: McLeod, John
Other Authors: Cropley, A. J.
Format: Book
Language:English
Published: Oxford [England] ; New York : Pergamon Press, 1989.
Edition:1st ed.
Subjects:

MARC

Tag First Indicator Second Indicator Subfields
LEADER 00000cam a2200000 a 4500
001 in00000757821
005 20151017053410.0
008 880610s1989 enka b 00110 eng
010 |a  88019582  
020 |a 0080364608 :  |c $48.45 (U.S. : est.) 
020 |a 0080364594 (pbk.) :  |c $24.22 (U.S. : est.) 
035 |a (OCoLC)18135103 
035 |9 ADL4499AM 
040 |a DLC  |c DLC  |d TXA  |d UtOrBLW 
049 |a TXAM  |c [A11914390] 
050 0 0 |a LC3993  |b .M38 1989 
082 0 |a 371.95  |2 19 
100 1 |a McLeod, John. 
245 1 0 |a Fostering academic excellence /  |c John McLeod and Arthur Cropley. 
250 |a 1st ed. 
264 1 |a Oxford [England] ;  |a New York :  |b Pergamon Press,  |c 1989. 
300 |a xvi, 289 pages :  |b illustrations ;  |c 24 cm. 
336 |a text  |b txt  |2 rdacontent 
337 |a unmediated  |b n  |2 rdamedia 
338 |a volume  |b nc  |2 rdacarrier 
504 |a Bibliography: pages 256-275. 
500 |a Includes indexes. 
650 0 |a Gifted children  |x Education. 
650 0 |a Academic achievement. 
650 0 |a Creative thinking. 
700 1 |a Cropley, A. J. 
999 |a MARS 
999 f f |s 60f7f513-a5c7-33b5-97e4-d9f281eec7c9  |i 48d06dac-3422-3361-9a02-d3ade8d9a65a  |t 0 
952 f f |p normal  |a Texas A&M University  |b College Station  |c Sterling C. Evans Library  |d Evans: Library Stacks  |t 0  |e LC3993 .M38 1989  |h Library of Congress classification  |i unmediated -- volume  |m A14811914390 
998 f f |a LC3993 .M38 1989  |t 0  |l Evans: Library Stacks